000
00291nam a22001337a 4500
020
_a
978-0-77515-3541-9
082
_a
823
_b
SPA/W
100
_a
SPARKS, NICHOLAS
245
_a
THE WEDDING
260
_a
AMRICA
_b
WARNER BOOKS
300
_a
311
650
_a
NOVEL ENGLISH
_z
AMERICA
942
_c
BK
999
_c
3287
_d
3287